[Event "Chile Championship Absolute 2022"]
[Site "Las Condes"]
[Date "2022.02.27"]
[Round "11.6"]
[White "Donoso Diaz, Sebastian"]
[Black "Olivares Olivares, Claudio"]
[Result "1-0"]
[WhiteElo "2212"]
[BlackElo "2380"]
[Annotator "TA"]
[PlyCount "113"]
[EventDate "2022.02.18"]
[EventType "tourn"]
[EventCountry "CHI"]
[SourceTitle "playchess.com"]
[Source "ChessBase"]
[SourceQuality "1"]

{[%evp 11,113,20,27,25,20,17,14,27,27,7,12,23,24,20,19,16,21,35,33,16,35,0,17,7,0,2,0,-17,164,161,174,161,162,162,402,405,298,404,389,408,404,392,382,0,0,0,0,0,0,-37,-50,-54,0,0,278,299,316,301,303,285,303,303,309,262,283,307,297,282,332,290,287,287,279,272,333,377,433,444,456,427,932,520,489,502,485,487,497,494,599,603,804,751,2232,1782,29962,29965,10664,8195,4702,4710,29982,29974,4133,1634]} 1. d4 Nf6 2. c4 g6 3. Nc3 Bg7 4. e4 d6 5. h3 O-O 6. Be3 c5 7. d5 {E71: King's Indian: 4 e4 d6 5 h3.} e6 8. Bd3 exd5 9. exd5 {The position is equal.} Na6 10. a3 {Prevents Nb4.} (10. Nf3 $5 {[%cal Re1g1]}) 10... Nc7 {[%cal Ob7b5]} 11. a4 {[#] Inhibits b5.} Na6 $146 ({Predecessor:} 11... b6 12. Nf3 a6 13. O-O Bb7 14. Qd2 b5 15. axb5 axb5 16. Rxa8 Bxa8 17. b3 bxc4 18. bxc4 Re8 19. Ra1 Qb8 20. Bf4 Qb6 21. Rb1 Qa5 22. Nb5 Nxb5 23. Qxa5 {1-0 (23) Tarasova,V (2226)-Minina,V (2057) Chess.com INT 2022}) 12. Nf3 Nb4 13. Bb1 a6 14. O-O Re8 15. Qd2 Bd7 {[%cal Ob7b5]} 16. Bg5 Qc8 $1 {[%cal Od7h3]} 17. Bxf6 Bxf6 18. Ne4 Be7 19. Qh6 f6 {[#] To avoid Neg5} (19... f5 $1 $11 {and Black stays safe.} 20. Neg5 (20. Nfg5 Bxg5 21. Nxg5 Re7 $11) 20... Bxg5 21. Qxg5 (21. Nxg5 Re7 $11) 21... Re2) 20. Neg5 $1 $36 {[%mdl 2560] White is really pushing.} fxg5 {[#]} 21. Bxg6 $1 {[%mdl 512]} hxg6 22. Qxg6+ Kh8 $2 (22... Kf8 {was necessary.} 23. Qh6+ Kg8 24. Qg6+ Kf8 25. Qh6+ Kg8 26. Qg6+) 23. Nxg5 Bxg5 24. Qh5+ Kg7 25. Qxg5+ Kf7 26. Qh5+ Ke7 {[#] Hoping for ...Kd8.} 27. Qg5+ $2 (27. Qh4+ $1 $18 Kf7 28. Ra3) 27... Kf7 $11 28. Ra3 Re5 (28... Bf5 29. Qh5+ (29. Rf3 Re5 $11) 29... Kf6 30. Rg3 $18) 29. Rf3+ Bf5 $1 {[%cal Ob7b5]} (29... Rf5 $2 30. Re1 Qf8 31. Ree3 $18) 30. Qh5+ (30. g4 Nc2 31. Qh5+ (31. Rxf5+ $2 Qxf5 32. gxf5 Rg8 $19) 31... Ke7 32. Qg5+ (32. Rxf5 Rxf5 33. gxf5 Qg8+ 34. Kh2 Qh8 $17) 32... Kd7 33. Rxf5 Qe8 $15) (30. Rc1 $5 {[%cal Rc1c3]}) 30... Ke7 31. Qg5+ $1 Kf7 (31... Ke8 $15) 32. Rc1 {aiming for Rcc3. Dancing on a razor blade.} ({Reject} 32. g4 Nc2 33. Qh5+ (33. Rxf5+ $2 Qxf5 34. gxf5 Rg8 $19) 33... Ke7 34. Qg5+ (34. Rxf5 Rxf5 35. gxf5 Qg8+ 36. Kh2 Qh8 $17) 34... Kd7 35. Rxf5 Qe8 $15) 32... Qd7 $2 {[%mdl 8192] [#] Black is on the road to losing.} (32... Ke8 $11) 33. Qh5+ $1 $18 Ke7 34. Qh4+ Kf7 {Strongly threatening ...Rg8.} 35. Qh7+ Ke8 36. Qg8+ {[%mdl 64] Skewer} Ke7 37. Qxa8 Qc8 {Inhibits Qg8.} 38. Qxc8 Bxc8 39. g4 {Inhibits Bf5.} Bd7 40. Rcc3 Bxa4 41. b3 Bd7 42. Rf4 b5 43. h4 {[%cal Bh3h4,Bh4h5][%mdl 32]} Be8 44. h5 a5 45. Rh3 {h6 is the strong threat.} a4 (45... Rg5 $142 46. Re4+ Kd8) 46. bxa4 bxc4 47. h6 {Threatens to win with h7.} Nxd5 48. Rxc4 {Black must now prevent h7.} Nf6 49. h7 Nxh7 50. Rxh7+ {[%mdl 4096] Endgame KRR-KRB} Ke6 51. f4 Re1+ 52. Kf2 Ra1 53. Re4+ Kd5 54. Rxe8 {White threatens g5 and mate.} Rxa4 55. Kf3 {Threatening mate with g5.} c4 56. Rc7 Ra3+ 57. Re3 {Weighted Error Value: White=0.24 (precise) /Black=0.61} 1-0